000 00483ntaaa2200193 4500
003 01
005 20251027202331.0
008 0714s1973 ag 01
040 _aAR-BaBN
_bspa
_cAR-BaBN
_eaacr
_dRIC
082 _a292.0000 G76
245 _aHellenistic religions
250 _a1 ed.
260 _aNew York :
_bLiberal Arts Press,
_cc1953
300 _axxxix, 196 p
650 _areligión griega
650 _asincretismo
_94748
700 _aGrant, Frederick
_921938
942 _cBK
999 _c18174
_d18174